| 000 | 00860nam a22002417a 4500 | ||
|---|---|---|---|
| 999 |
_c65571 _d65571 |
||
| 005 | 20240530110831.0 | ||
| 008 | 190903s ua a g b 000 0 ara d | ||
| 017 | _bمصر. دار الكتب | ||
| 040 |
_aEG-CaGPL _cEG-CaGPL |
||
| 082 | 0 | 4 |
_221 _a227.368 \ _bع ف |
| 100 | 0 | _aعبدالحميد كشك | |
| 245 | 1 | 0 |
_aفى ظلال الايمان / _cعبدالحميد كشك |
| 250 | _aط.1 | ||
| 260 |
_aالقاهرة : _bمكتبة التراث الاسلامى، |
||
| 300 |
_a101 ص. ؛ _c24 سم. |
||
| 504 | _aيشتمل على ارجاعات ببليوجرافية | ||
| 650 | 0 | 7 |
_2qrmak _aالقران الكريم _xتفسير |
| 650 | 0 | 7 |
_aالقران الكريم _xسور وايات _2qrmak |
| 650 | 0 | 7 |
_aالاخلاق الاسلامية _2qrmak |
| 651 | _2qrmak | ||
| 942 |
_2ddc _cBK |
||